000
00198 a2200097 4500
001
11183
100
_a
Khushwant, Singh
245
_a
The Sikhs
260
_a
_b
George Allen
_c
090
_c
8737
_d
8737
942
_a
NUST-CAE
_c
35530
_c
M
999
_c
246256
_d
246256